I feel pretty / Stxfilms, Huayi Brothers Pictures ... Read More
Available copies
- 3 of 3 copies available at LARL/NWRL Consortium.
Current holds
0 current holds with 3 total copies.
Show Only Available Copies
| Location | Call Number / Copy Notes | Barcode | Shelving Location | Status | Due Date |
|---|---|---|---|---|---|
| Godel Memorial-Warren Library | DVD IFE (Text) | 35500005595697 | Main | Available | - |
| Hallock Public Library | DVD IFE (Text) | 35500005595671 | Main | Available | - |
| Warroad Public Library | DVD IFE (Text) | 35500005595689 | Main | Available | - |
Record details
- Physical Description: 1 videodisc (approximately 111 minutes) : sound, ... Read More
- Publisher: Universal City, CA : Universal Pictures Home Entertainment, [2018]
Content descriptions
| General Note: | Originally released as a motion picture in 2018. Wide screen (2.40:1). Special features: Deleted scenes; Gag reel; Being pretty. |
| Creation/Production Credits Note: | Music, Michael Andrews ; editor, Tia Nolan ; ... Read More |
| Participant or Performer Note: | Amy Schumer, Michelle Williams, Rory Scovel, Emily ... Read More |
| Summary, etc.: | A woman struggling with insecurity wakes from a ... Read More |
| Target Audience Note: | MPAA rating: PG-13; for sexual content, some ... Read More |
| System Details Note: | DVD, NTSC region 1, anamorphic widescreen (2.40:1) ... Read More |
| Language Note: | In English or Spanish; Spanish subtitles; English ... Read More |
Search for related items by subject
| Subject: | Confidence > Drama. Security (Psychology) > Drama. Body image > Drama. Man-woman relationships > Drama. |
| Genre: | Comedy films. Feature films. Fiction films. Romantic comedy films. Video recordings for the hearing impaired. Video recordings for people with visual disabilities. |
| LDR | 04723cgm a2200997Ii 4500 | ||
|---|---|---|---|
| 001 | 288643 | ||
| 003 | LARL_NWRL_CONSORTIUM | ||
| 005 | 20180717193329.0 | ||
| 008 | 180604s2018 cau111 vleng d | ||
| 007 | vd cvaizq | ||
| 040 | . | ‡aTEFMT ‡beng ‡erda ‡cTEFMT ‡dOCLCO ‡dTEF ‡dPX0 ‡dINO ‡dZAC | |
| 024 | 1 | . | ‡a191329041802 |
| 028 | 4 | 2. | ‡a64193757 ‡bUniversal Pictures Home Entertainment |
| 028 | 4 | 1. | ‡a2082652 ‡bUniversal ‡q(container) |
| 028 | 4 | 1. | ‡a1026764 ‡bUniversal ‡q(disc surface) |
| 028 | 4 | 1. | ‡a2082653 ‡bUniversal ‡q(disc surface) |
| 035 | . | ‡a(OCoLC)1038534637 | |
| 037 | . | ‡bMidwest Tape ‡nhttp://www.midwesttapes.com | |
| 041 | 1 | . | ‡aeng ‡aspa ‡jspa ‡jeng ‡heng |
| 082 | 0 | 4. | ‡a791.43/72 ‡223 |
| 245 | 0 | 0. | ‡aI feel pretty / ‡cStxfilms, Huayi Brothers Pictures and Voltage Pictures present ; a Voltage Pictures & Wonderland Sound and Vision production ; produced by McG, Mary Viola, Alissa Phillips, Domic Rustam, Nicolas Chartier, Amy Schumer ; written and directed by Abby Kohn & Marc Silverstein. |
| 257 | . | ‡aUnited States ‡aChina ‡2naf | |
| 264 | 1. | ‡aUniversal City, CA : ‡bUniversal Pictures Home Entertainment, ‡c[2018] | |
| 300 | . | ‡a1 videodisc (approximately 111 minutes) : ‡bsound, color ; ‡c4 3/4 in. | |
| 336 | . | ‡atwo-dimensional moving image ‡btdi ‡2rdacontent | |
| 337 | . | ‡avideo ‡bv ‡2rdamedia | |
| 338 | . | ‡avideodisc ‡bvd ‡2rdacarrier | |
| 340 | . | ‡dstamping ‡2rdapm | |
| 340 | . | ‡b4 3/4 in. ‡gcolor ‡2rda | |
| 344 | . | ‡adigital ‡2rdatr | |
| 344 | . | ‡boptical ‡2rdapm | |
| 344 | . | ‡gsurround ‡2rdapc | |
| 344 | . | ‡gstereo ‡2rdapc | |
| 344 | . | ‡hDolby Digital 5.1 | |
| 344 | . | ‡hDolby Digital 2.0 | |
| 346 | . | ‡bNTSC ‡2rdabs | |
| 347 | . | ‡avideo file ‡2rdaft | |
| 347 | . | ‡bDVD video | |
| 347 | . | ‡eRegion 1 ‡2rdare | |
| 380 | . | ‡aMotion pictures ‡2lcgft | |
| 538 | . | ‡aDVD, NTSC region 1, anamorphic widescreen (2.40:1) presentation; Dolby Digital 5.1, Dolby Digital 2.0. | |
| 546 | . | ‡aIn English or Spanish; Spanish subtitles; English subtitles for the deaf and hard-of-hearing (SDH); English descriptive audio track for people with visual disabilities (DVS). | |
| 511 | 1 | . | ‡aAmy Schumer, Michelle Williams, Rory Scovel, Emily Ratajkowski, Busy Philipps, Aidy Bryant, Naomi Campbell, Lauren Hutton. |
| 508 | . | ‡aMusic, Michael Andrews ; editor, Tia Nolan ; director of photography, Florian Ballhaus. | |
| 500 | . | ‡aOriginally released as a motion picture in 2018. | |
| 500 | . | ‡aWide screen (2.40:1). | |
| 521 | 8 | . | ‡aMPAA rating: PG-13; for sexual content, some partial nudity, and language. |
| 520 | . | ‡aA woman struggling with insecurity wakes from a fall believing she is the most beautiful and capable woman on the planet. Her new confidence empowers her to live fearlessly, but what happens when she realizes her appearance never changed? | |
| 500 | . | ‡aSpecial features: Deleted scenes; Gag reel; Being pretty. | |
| 650 | 0. | ‡aConfidence ‡vDrama. | |
| 650 | 0. | ‡aSecurity (Psychology) ‡vDrama. | |
| 650 | 0. | ‡aBody image ‡vDrama. | |
| 650 | 0. | ‡aMan-woman relationships ‡vDrama. ‡0(LARL_NWRL_CONSORTIUM)166008 | |
| 655 | 7. | ‡aComedy films. ‡2lcgft ‡0(LARL_NWRL_CONSORTIUM)175650 | |
| 655 | 7. | ‡aFeature films. ‡2lcgft ‡0(LARL_NWRL_CONSORTIUM)175625 | |
| 655 | 7. | ‡aFiction films. ‡2lcgft ‡0(LARL_NWRL_CONSORTIUM)175626 | |
| 655 | 7. | ‡aRomantic comedy films. ‡2lcgft ‡0(LARL_NWRL_CONSORTIUM)175729 | |
| 655 | 7. | ‡aVideo recordings for the hearing impaired. ‡2lcgft ‡0(LARL_NWRL_CONSORTIUM)175744 | |
| 655 | 7. | ‡aVideo recordings for people with visual disabilities. ‡2lcgft ‡0(LARL_NWRL_CONSORTIUM)175745 | |
| 700 | 1 | . | ‡aKohn, Abby, ‡efilm director, ‡escreenwriter. ‡0(LARL_NWRL_CONSORTIUM)216596 |
| 700 | 1 | . | ‡aSilverstein, Marc ‡c(Screenwriter), ‡escreenwriter. |
| 700 | 1 | . | ‡aMcG ‡q(Joseph McGinty Nichol), ‡efilm producer. ‡0(LARL_NWRL_CONSORTIUM)146877 |
| 700 | 1 | . | ‡aViola, Mary, ‡efilm producer. |
| 700 | 1 | . | ‡aRustam, Domic, ‡efilm producer. |
| 700 | 1 | . | ‡aChartier, Nicolas, ‡efilm producer. |
| 700 | 1 | . | ‡aSchumer, Amy, ‡eactor, ‡efilm producer. ‡0(LARL_NWRL_CONSORTIUM)221628 |
| 700 | 1 | . | ‡aWilliams, Michelle, ‡d1980- ‡eactor. ‡0(LARL_NWRL_CONSORTIUM)145919 |
| 700 | 1 | . | ‡aScovel, Rory, ‡eactor. |
| 700 | 1 | . | ‡aRatajkowski, Emily, ‡d1991- ‡eactor. |
| 700 | 1 | . | ‡aPhilipps, Busy, ‡d1979- ‡eactor. ‡0(LARL_NWRL_CONSORTIUM)210402 |
| 700 | 1 | . | ‡aBryant, Aidy, ‡d1987- ‡eactor. |
| 700 | 1 | . | ‡aCampbell, Naomi, ‡eactor. |
| 700 | 1 | . | ‡aHutton, Lauren, ‡eactor. |
| 700 | 1 | . | ‡aAndrews, Michael, ‡d1967- ‡ecomposer. |
| 700 | 1 | . | ‡aNolan, Tia, ‡eeditor of moving image work. |
| 700 | 1 | . | ‡aBallhaus, Florian, ‡d1965- ‡edirector of photography. ‡0(LARL_NWRL_CONSORTIUM)208196 |
| 710 | 2 | . | ‡aSTX Entertainment, ‡epresenter. |
| 710 | 2 | . | ‡aHuayi Brothers Pictures, ‡epresenter. |
| 710 | 2 | . | ‡aVoltage Pictures, ‡epresenter, ‡eproduction company. ‡0(LARL_NWRL_CONSORTIUM)217390 |
| 710 | 2 | . | ‡aWonderland Sound and Vision (Firm), ‡eproduction company. ‡0(LARL_NWRL_CONSORTIUM)214032 |
| 710 | 2 | . | ‡aUniversal Pictures Home Entertainment (Firm), ‡epublisher. |
| 730 | 0 | 2. | ‡iContainer of (work): ‡aI feel pretty (Motion picture) |
| 730 | 0 | 2. | ‡iContainer of (expression): ‡aI feel pretty (Motion picture). ‡lSpanish. |
| 901 | . | ‡a288643 ‡bOCoLC ‡c288643 ‡tbiblio ‡soclc | |

Add to basket
Permalink
Disable Highlighting